书目信息 |
| 题名: |
联想涅槃
|
|
| 作者: | 李鸿谷 著 | |
| 分册: | ||
| 出版信息: | 北京 中信出版社 2015 |
|
| 页数: | 12, 384页 | |
| 开本: | 23cm | |
| 丛书名: | ||
| 单 册: | ||
| 中图分类: | F426.67 | |
| 科图分类: | ||
| 主题词: | 电子计算机工业--dian zi ji suan ji gong ye--工业企业管理--经验--中国 | |
| 电子资源: | ||
| ISBN: | 978-7-5086-5069-2 | |
| 000 | 01140nam0 2200277 450 | |
| 001 | 1749465026 | |
| 005 | 20161207151528.0 | |
| 010 | @a978-7-5086-5069-2@dCNY49.00 | |
| 100 | @a20150416d2015 em y0chiy50 ea | |
| 101 | 0 | @achi |
| 102 | @aCN@b110000 | |
| 105 | @ay z 000yy | |
| 106 | @ar | |
| 200 | 1 | @a联想涅槃@Alian xiang nie pan@d= Lenovo reborn@e中国企业全球化教科书@f李鸿谷著@zeng |
| 210 | @a北京@c中信出版社@d2015 | |
| 215 | @a12, 384页@d23cm | |
| 330 | @a本书聚焦联想十年国际化历程,在波澜壮阔的行业演变史背景下,详实记述了联想的得失进退:收购IBM PC、摩托罗拉的故事,与惠普、戴尔、宏碁竞争的细节,移动互联网时代面临的挑战与转型,以及联想涅槃背后,隐而不彰的核心基因。 | |
| 333 | @a企业管理人员及相关读者。 | |
| 510 | 1 | @aLenovo reborn@zeng |
| 517 | 1 | @a中国企业全球化教科书@Azhong guo qi ye quan qiu hua jiao ke shu |
| 601 | 02 | @a联想集团公司@Alian xiang ji tuan gong si@x工业企业管理@x经验 |
| 606 | 0 | @a电子计算机工业@Adian zi ji suan ji gong ye@x工业企业管理@x经验@y中国 |
| 690 | @aF426.67@v5 | |
| 701 | 0 | @a李鸿谷@Ali hong gu@4著 |
| 801 | 0 | @aCN@b北京图书大厦有限责任公司@c20150416 |
| 905 | @aBZT@dF426.67@e15 | |
| 联想涅槃= Lenovo reborn:中国企业全球化教科书/李鸿谷著.-北京:中信出版社,2015 |
| 12, 384页;23cm |
| 使用对象:企业管理人员及相关读者。 |
| ISBN 978-7-5086-5069-2:CNY49.00 |
| 本书聚焦联想十年国际化历程,在波澜壮阔的行业演变史背景下,详实记述了联想的得失进退:收购IBM PC、摩托罗拉的故事,与惠普、戴尔、宏碁竞争的细节,移动互联网时代面临的挑战与转型,以及联想涅槃背后,隐而不彰的核心基因。 |
| ● |
| 相关链接 |
|
|
|
正题名:联想涅槃
索取号:F426.67/15
 
预约/预借
| 序号 | 登录号 | 条形码 | 馆藏地/架位号 | 状态 | 备注 |
| 1 | 827777 | 2000827777 | 第二书库/ [索取号:F426.67/15] | 在馆 | |
| 2 | 827778 | 2000827778 | 第二书库/ [索取号:F426.67/15] | 在馆 | |
| 3 | 827779 | 2000827779 | 第二书库/ [索取号:F426.67/15] | 在馆 |